| 000 | 00356 a2200145 4500 | ||
|---|---|---|---|
| 003 | Nust | ||
| 005 | 20230321134213.0 | ||
| 040 | _cNust | ||
| 082 | _a327.54,JAD | ||
| 245 |
_aPakistan Main Americi Kirdar / _cQazi Javid |
||
| 260 |
_a LAhore _bFiction House |
||
| 300 | _a568:p | ||
| 650 |
_aRole of USA in Pakistan _9110897 |
||
| 942 |
_2ddc _cBK _k327.54,JAD |
||
| 999 |
_c188022 _d188022 |
||